000 00840nam a2200253 4500
001 11384
003 HDC
007 cr bn ---aaaaa
008 210207c dr|noo 0 a eng d
040 _aHDC
100 _aSohn Ji-young
_eauthor
_911329
245 0 _aK-beauty ready for global halal market? /
_cby Sohn Ji-young
260 _a[No place] :
_bThe Korea Herald,
_c[no year]
336 _atext
_2rdacontent
337 _acomputer
_2rdamedia
338 _aonline resource
_2rdacarrier
650 _aCosmetic standards
_911684
650 _aHalal market
_9582
710 _aThe Korea Herald
856 _zRequest full-text at [email protected]
942 _2lcc
942 _cNEWS
942 _kNWSO 002274
999 _c8707
_d8707